LEADER 01458nam a2200337 u 4500 001 000000006739 003 CaOOAMICUS 005 20070226104916.0 008 941029s1967 it u000 u ita u 035 $a10175077 040 $aMSA$bita 041 1 $aita$hger 100 1 $aCampenhausen, Hans,$cFreiherr von,$d1903-$0(OLS)http://pul/name/6837 240 10$aGriechische Kirchenväter.$lItaliano.$0(OLS)http://pul/title/9898 245 12$aI Padri greci /$cHans von Campenhausen ; edizione italiana a cura di Omero Soffritti. 260 $aBrescia :$bPaideia,$c[c1967] 300 $a219 p. ;$c21 cm 490 1 $aBiblioteca di cultura religiosa ;$v11 500 $aComprende indici. 500 $aTraduzione italiana di M. Bellincioni e M. Fontana dalla 3a edizione tedesca. 650 4$aPatrologia$vManuali, trattati, ecc.$0(OLS)http://pul/subject/5858 700 1 $aFontana, M.$0(OLS)http://pul/name/6840 700 1 $aBellincioni, Maria.$0(OLS)http://pul/name/6839 700 1 $aSoffritti, Omero.$0(OLS)http://pul/name/6838 830 0$aBiblioteca di cultura religiosa (Paideia) ;$v11.$0(OLS)http://pul/title/98 850 $aPUL 852 $aPUL$W1$xSL Religione 1$y3$m22 E 23$j9526$nBK-PRI$b $qStampati$B9526$CPULBib$Z2$F9526 $H $81 941 1 $a8 961 $aINV: 28693 996 $6245$aI Padri greci$9(OLS)http://pul/title/9899 996 $6260$aBrescia :$bPaideia$9(OLS)http://pul/publisher/47884 LEADER 01258naa a2200253 u 4500 001 000000101974 003 CaOOAMICUS 005 20070226130209.0 008 060323s1961 it u000 u ger u 035 $a11082646 040 $aIAR$bita 041 0 $ager$bita 100 1 $aZbinden, Hans,$d1893-$0(OLS)http://pul/name/63520 245 10$aAspekte der schweizerischen Gegenwartsliteratur in ihrem Verhältnis zu Europa /$cHans Zbinden. 260 $aMerano/Meran :$bIst.culturale italo-tedesco,$c1961. 300 $aS. 391-408 ;$c25 cm 500 $aitalienische Zusammenfassung 500 $aIAR: FF-117.02 773 0 $aErscheinungen und Probleme der deutschen und italienischen Kultur des XX. Jahrhunderts. 773 0 $aAspetti e problemi del Novecento culturale italiano e tedesco. 773 0 $aDeutsch-italienisches Kulturinstitut in Südtirol; Akten.$gII (1961) 773 0 $aAccademia di studi italo-tedeschi (Merano)$tAspetti e problemi del Novecento italiano e tedesco nel quadro dell'unità culturale europea$gII (1961)$w()22992 996 $6245$aAspekte der schweizerischen Gegenwartsliteratur in ihrem Verhältnis zu Europa$9(OLS)http://pul/title/128882 996 $6260$aMerano/Meran :$bIst.culturale italo-tedesco$9(OLS)http://pul/publisher/79184